La aventura demográfica de las Américas

Wedi'i Gadw mewn:
Manylion Llyfryddiaeth
Prif Awdur: Dumont, Gérard-Francois (Awdur)
Fformat: Llyfr
Iaith:Sbaeneg
Cyhoeddwyd: París Université de Paris-Sorbonne 1997
Rhifyn:1a. ed
Pynciau:
Tagiau: Ychwanegu Tag
Dim Tagiau, Byddwch y cyntaf i dagio'r cofnod hwn!

MARC

LEADER 00000cam a2200000 a 4500
001 UCE1719
003 CL-VaPUC
008 140508e19970000fr |||||||||||||||||spa|d
082 0 4 |a 304.6  |b DUM  |2 21 
100 |a Dumont, Gérard-Francois  |e author  |9 532303 
245 1 3 |a La aventura demográfica de las Américas 
250 |a 1a. ed 
300 |a 22 p 
942 |c BK 
945 |d 20140508 16:03:00  |a dcastane 
260 |a París  |b Université de Paris-Sorbonne  |c 1997 
650 0 |a Demografía   |9 260008 
650 0 |a Geografía humana  |9 267193 
583 |a last modification  |c 20140508 16:03:00  |k Rodrigo Vera 
999 |c 355441  |d 355439 
952 |0 0  |1 0  |3 erb  |4 0  |6 304_600000000000000_DUM_1997  |7 0  |8 A  |9 462168  |a BIBING  |b BIBING  |i 5075955  |o 304.6 DUM 1997  |p 5075955  |r 2025-01-20  |w 2019-11-23  |y BK  |z Catalogado en:20140508  |k GEO